000 00966nam a22002897a 4500
001 810
005 20230710132641.0
008 230710b cb ||||| |||| 00| 0 eng d
020 _a0736816208 (lib. bdg.)
040 _aDLC
_cDLC
_dDLC
_beng
050 0 0 _aQE862.S3
_bC5614 2003
082 0 0 _a567.913
_221
100 1 _aCohen, Daniel,
_d1936-2018.
245 1 0 _aBrachiosaurus /
_cby Daniel Cohen ; consultant, Brent Breithaupt.
260 _aMankato. :
_bBridgestone,
_c2003.
300 _a24 pages :
_bcolor illustrations ;
_c21 cm.
490 1 _aDiscovering dinosaurs
505 _aG
520 _aDescribes what is known about the physical characteristics, behavior, and habitat of this very large dinosaur.
521 _a400
_bLexile
521 _aG
_bRaz-Plus
650 0 _aBrachiosaurus
_vJuvenile literature.
650 1 _aBrachiosaurus.
650 1 _aDinosaurs.
906 _a7
_bcbc
_corignew
_d1
_eecip
_f20
_gy-gencatlg
942 _2ddc
_cBK
_n0
999 _c810
_d810